| 000 | 00670nam a22002417a 4500 | ||
|---|---|---|---|
| 003 | OSt | ||
| 005 | 20160210103431.0 | ||
| 008 | 160202b xxu||||| |||| 00| 0 eng d | ||
| 020 | _a9781408232347 | ||
| 040 |
_cOCLC _dOCLC |
||
| 080 | _a030=20=60 LON | ||
| 245 | 0 | 0 |
_aLongman Diccionario Pocket: inglés-español - español-inglés : _b para estudiantes latinoamericanos. |
| 250 | _a2a ed. | ||
| 260 |
_aInglaterra : _bPearson, _c2010 |
||
| 300 |
_aiv, 817 p. : _b il. ; _c18 cm. + _e1 CD. |
||
| 650 | 4 | _aODONTOLOGÍA | |
| 650 | 4 | _aPSICOLOGÍA | |
| 650 | 4 | _aDICCIONARIOS | |
| 650 | 4 | _aINGLÉS | |
| 650 | 4 | _aCASTELLANO | |
| 942 |
_2cdu _cBK |
||
| 999 |
_c2947 _d2947 |
||